| 000 | 00750cam a2200277 a 4500 | ||
|---|---|---|---|
| 999 |
_c8355 _d8355 |
||
| 001 | 8355 | ||
| 003 | BD-JhCC | ||
| 005 | 20221201134023.0 | ||
| 008 | 871211s1989 maua 001 0 eng | ||
| 020 | _a0534076866 | ||
| 035 | _a(BD-JhCC)8355 | ||
| 040 |
_aDLC _cDLC _dDLC _dBD-JhCC |
||
| 041 | _aeng | ||
| 050 | 0 | 0 |
_aQC21.2 _b.B495 1989 |
| 082 | 0 | 0 |
_a530 _219 _bBIG 1989 |
| 100 | 1 | _aBigliani, Raymond E. | |
| 245 | 1 | 0 |
_aTechnical physics / _cRaymond E. Bigliani, Gary Ferrigno. |
| 260 |
_aBoston : _bPWS-Kent Pub. Co., _cc1989. |
||
| 300 |
_axii, 894 p. : _bill. ; _c25 cm. |
||
| 440 | 0 | _aPWS-Kent series in technology | |
| 500 | _aIncludes index. | ||
| 650 | 0 | _aPhysics. | |
| 700 | 1 | _aFerrigno, Gary. | |
| 942 |
_2ddc _cBK _05 |
||